Southville International School and Colleges
Your cart is empty.
  • Cart
  • Lists
    Public lists Eva Luna New books Lux_list list_1
    Your lists Log in to create your own lists
  • Log in to your account
  • Your cookies
  • Search history
Southville International School and Colleges
  • Advanced search
  • Recent comments
  • Most popular
  • Libraries

Log in to your account

Log in with GOOGLE


If you do not have an external account, but do have a local account, you can still log in:

  1. Home
  2. MARC view: Bug dance /
Normal view MARC view ISBD view

Bug dance / (Record no. 33789)

[ view plain ]
MARC details
000 -LEADER
fixed length control field 01386cam a2200325 a 4500
003 - CONTROL NUMBER IDENTIFIER
control field OSt
005 - DATE AND TIME OF LATEST TRANSACTION
control field 20140310184339.0
008 - FIXED-LENGTH DATA ELEMENTS--GENERAL INFORMATION
fixed length control field 000607s2002 nyua j 000 0 eng
010 ## - LIBRARY OF CONGRESS CONTROL NUMBER
LC control number 00044867
020 ## - INTERNATIONAL STANDARD BOOK NUMBER
International Standard Book Number 0439461200
040 ## - CATALOGING SOURCE
Original cataloging agency DLC
Transcribing agency DLC
Modifying agency DLC
042 ## - AUTHENTICATION CODE
Authentication code lcac
050 00 - LIBRARY OF CONGRESS CALL NUMBER
Classification number QP 443
Item number .M978 2003
100 1# - MAIN ENTRY--PERSONAL NAME
Personal name Murphy, Stuart J.,
Dates associated with a name 1942-
9 (RLIN) 24350
245 10 - TITLE STATEMENT
Title Bug dance /
Statement of responsibility, etc Stuart J. Murphy ; illustrated by Christopher Santoro.
260 ## - PUBLICATION, DISTRIBUTION, ETC. (IMPRINT)
Place of publication, distribution, etc New York :
Name of publisher, distributor, etc HarperCollins Publishers,
Date of publication, distribution, etc 2003.
300 ## - PHYSICAL DESCRIPTION
Extent 33 p. :
Other physical details col. ill. ;
Dimensions 20 cm.
490 1# - SERIES STATEMENT
Series statement MathStart
521 ## - TARGET AUDIENCE NOTE
Target audience note
526 ## - STUDY PROGRAM INFORMATION NOTE
Reading level 100
650 #0 - SUBJECT ADDED ENTRY--TOPICAL TERM
Topical term or geographic name as entry element Orientation
Form subdivision Juvenile literature.
9 (RLIN) 24351
650 #1 - SUBJECT ADDED ENTRY--TOPICAL TERM
Topical term or geographic name as entry element Orientation.
9 (RLIN) 24352
700 1# - ADDED ENTRY--PERSONAL NAME
Personal name Santoro, Christopher,
Relator term ill.
9 (RLIN) 24353
800 1# - SERIES ADDED ENTRY--PERSONAL NAME
Personal name Murphy, Stuart J.,
Dates associated with a name 1942-
Title of a work MathStart.
9 (RLIN) 24354
856 42 - ELECTRONIC LOCATION AND ACCESS
Materials specified Publisher description
Uniform Resource Identifier <a href="http://www.loc.gov/catdir/description/hc043/00044867.html">http://www.loc.gov/catdir/description/hc043/00044867.html</a>
906 ## - LOCAL DATA ELEMENT F, LDF (RLIN)
a 7
b cbc
c orignew
d 1
e ocip
f 20
g y-gencatlg
942 ## - ADDED ENTRY ELEMENTS (KOHA)
Source of classification or shelving scheme Library of Congress Classification
Koha item type
Holdings
Withdrawn status Lost status Source of classification or shelving scheme Damaged status Home library Current library Shelving location Date acquired Total Checkouts Full call number Barcode Date last seen Copy number Price effective from Koha item type
    Library of Congress Classification   Luxembourg Library Luxembourg Library Scholastic Reading Center Section 10/07/2013   QP 443 .M978 2003 LEX2985 04/18/2017 1 10/07/2013 Books

Bug dance /

APA

Murphy S. J., Santoro C., . (2003). Bug dance. New York: HarperCollins Publishers.

Chicago

Murphy Stuart J, Santoro Christopher, . 2003. Bug dance. New York: HarperCollins Publishers.

Harvard

Murphy S. J., Santoro C., . (2003). Bug dance. New York: HarperCollins Publishers.

MLA

Murphy Stuart J, Santoro Christopher, . Bug dance. New York: HarperCollins Publishers. 2003.

  • Place hold
  • Print
  • Cite
  • Add to your cart (remove)
  • Save record
    BIBTEX Dublin Core MARCXML MARC (non-Unicode/MARC-8) MARC (Unicode/UTF-8) MARC (Unicode/UTF-8, Standard) MODS (XML) RIS
  • More searches
    Search for this title in:
    Other Libraries (WorldCat) Other Databases (Google Scholar) Online Stores (Bookfinder.com) Open Library (openlibrary.org)

Exporting to Dublin Core...

SOUTHVILLE LIBRARY

Southville International School and Colleges Library

1281 Tropical Ave. Cor. Luxembourg St., BF Homes International, Las Pinas City

Tel. No. 8256374 / 252358 Loc. 117/146

Powered by Koha